Music Quiz

Random Music or Kpop Quiz
Score 0/100 Timer 15:00
0 Plays Today
Music Artist % Correct
Senorita(G)i-dle
93.6%
Cat & DogTXT
91.4%
Bon Bon ChocolatEverglow
90%
CrownTXT
90%
Say my NameAteez
89.3%
No AirThe Boyz
88.6%
AdiosEverglow
88.6%
Bomb bombK.A.R.D
87.9%
WaveAteez
87.1%
Don't RecallK.A.R.D
86.4%
Mixtape #2Stray Kids
85%
Hola HolaK.A.R.D
85%
Humph!Pentagon
85%
Thrilla KillaVAV
82.9%
Mixtape #3Stray Kids
82.9%
All NightAstro
82.9%
Mixtape #4Stray Kids
82.1%
Mixtape #1Stray Kids
80.7%
Bloom BloomThe Boyz
80.7%
IllusionAteez
80%
RPMSF9
77.1%
D.D.DThe Boyz
75%
SenoritaVAV
75%
CrushWeki Meki
73.6%
X1-MaProduce X 101
72.9%
My FlowerJBJ
72.9%
Secret Garden Oh My Girl
71.4%
PromiseAteez
69.3%
AuroraAteez
69.3%
Highlight Seventeen
67.9%
Mr. Potter Dia
63.6%
The ChaserInfinite
62.1%
I Wanna BeKey feat. Soyeon
61.4%
UtopiaAteez
61.4%
Music Artist % Correct
RedThe Rose
60.7%
FineTaeyeon
59.3%
Apology Ikon
59.3%
Wolf BabyTRCNG
55.7%
Fireflies NCT DREAM
53.6%
Give Me MoreVAV
52.9%
VioletPentagon
50.7%
Like ThisPentagon
50.7%
Dancing like butterfly wingsAteez
50.7%
CompleteONF
50%
L.O.V.EJihoon
50%
ClockInfinite
47.1%
Last Romeo Infinite
45.7%
1 in a MillionAstro
45.7%
Time Of SorrowVicton
42.9%
Call Your NameJBJ
41.4%
Flame of LoveTaemin
40.7%
Spotlight1the9
39.3%
Domino1the9 feat. Crush
38.6%
JanusBoyfriend
37.1%
Be JoyfulJBJ
36.4%
NananaImfact
36.4%
SunsetDonghan
35.7%
AwakeJbj95
35.7%
To UniversePentagon
35%
SpectrumTRCNG
34.3%
Holy Water*Taemin
33.6%
Man In LoveInfinite
30%
9-TeenSeventeen
27.9%
5TARA.C.E
26.4%
SofaCrush
25%
Summer Night*100%
25%
LightAteez
24.3%
Innocent LoveAstro
24.3%
Music Artist % Correct
Remember MeVicton
23.6%
Only UImfact
22.1%
Falling In LoveUniq
21.4%
MissingTRCNG
20.7%
WindFT Island
19.3%
AngelEXO
19.3%
Just Be StarsJBJ
18.6%
Tension UpImfact
18.6%
See U Tomorrow SF9
18.6%
Let Me Love UWayV
17.9%
Take Me To YouGot7
17.1%
QuestionsZelo
16.4%
PrettyPentagon
15.7%
Midnight RoadSF9
15%
What do I doSpectrum
14.3%
Round and RoundSF9
13.6%
After Party Spectrum
13.6%
I'm SorryVAV
12.9%
Call OutAstro
10.7%
Butterfly Astro
10%
It's overPentagon
10%
Touch YouVAV
8.6%
Thank YouPentagon
7.9%
Flash, Party!Zelo
7.9%
FlyGaho
6.4%
Love DiveJbj95
5.7%
Ain't No TimeDonghan feat. Wooseok
5%
LiarSF9
5%
Just For a DayJonghyun
4.3%
ThenGaho feat. Villain
3.6%
HeavenEden feat. Heize
2.9%
InsomniaEuijin
1.4%
Remove Ads.
Support Sporcle.
Get the best of Sporcle when you Go Orange. This ad-free experience offers more features, more stats, and more fun while also helping to support Sporcle. Thank you for becoming a member.

You're not logged in!

Compare scores with friends on all Sporcle quizzes.
OR
Log In

Show Comments

Extras

Top Quizzes Today


Score Distribution

Your Account Isn't Verified!

In order to create a playlist on Sporcle, you need to verify the email address you used during registration. Go to your Sporcle Settings to finish the process.

Report this User

Report this user for behavior that violates our Community Guidelines.

Details: